000 00320nam a22001337a 4500
008 170609b xxu||||| |||| 00| 0 eng d
020 _a9781608716869
041 _aeng
080 _24 ED
_a327
100 _a19
101 _aSHP
245 _aTHE ESSENTIALS OF POLITICAL ANALYSIS
_cPOLLOCK .P.H
942 _2udc
_cBK
999 _c16760
_d16760